000
002650000a22000970004500
100
1
_a
Pagán, Samuel
245
1
0
_a
Jésus y los fariseos
300
_a
Vol.60, núm.277 (Noviembre, diciembre, 2005), Páginas 30-31
773
0
_t
La Biblia de las Américas
942
_c
ANA
999
_c
61625
_d
61625